| 000 | 00434nam a2200181Ia 4500 | ||
|---|---|---|---|
| 008 | 230524s9999 xx 000 0 und d | ||
| 020 | _a9780070151345 | ||
| 082 |
_a670.0042 _bZED |
||
| 100 | _aIbrahim Zeid | ||
| 245 | 0 | _aCAD/CAM Theory and Practice | |
| 250 | _a2 | ||
| 260 |
_aNew Delhi _bMGH _c2009 |
||
| 300 | _a805p; | ||
| 500 | _aQuantity Number: 50 | ||
| 650 | _aMechanics | ||
| 700 | _aR Sivasubramanian | ||
| 942 | _cBK | ||
| 999 |
_c53469 _d53469 |
||